Planning-gain supplement (preparations) bill 2006-07 (Record no. 106269)
[ view plain ]
| 000 -LEADER | |
|---|---|
| fixed length control field | 00925cam a2200205 4500 |
| 001 - CONTROL NUMBER | |
| control field | L135984 |
| 008 - FIXED-LENGTH DATA ELEMENTS--GENERAL INFORMATION | |
| fixed length control field | 061221n2006 000 0 eng u |
| 035 ## - SYSTEM CONTROL NUMBER | |
| System control number | (Sirsi) u135984 |
| 041 0# - LANGUAGE CODE | |
| Language code of text/sound track or separate title | eng |
| 110 1# - MAIN ENTRY--CORPORATE NAME | |
| Corporate name or jurisdiction name as entry element | United Kingdom |
| Subordinate unit | Parliament |
| -- | House of Commons |
| 9 (RLIN) | 2119 |
| 245 ## - TITLE STATEMENT | |
| Title | Planning-gain supplement (preparations) bill 2006-07 |
| 260 ## - PUBLICATION, DISTRIBUTION, ETC. | |
| Place of publication, distribution, etc. | London |
| Name of publisher, distributor, etc. | UK Parliament |
| Date of publication, distribution, etc. | 2006 |
| 520 ## - SUMMARY, ETC. | |
| Summary, etc. | This Bill aims to permit expenditure in preparation for the imposition of a tax on the increase in the value of land resulting from the grant of permission for development. |
| 590 ## - LOCAL NOTE (RLIN) | |
| Local note | KA |
| 650 24 - SUBJECT ADDED ENTRY--TOPICAL TERM | |
| Topical term or geographic name entry element | PLANNING-GAIN SUPPLEMENT (PREPARATIONS BILL) 2006 |
| 651 #4 - SUBJECT ADDED ENTRY--GEOGRAPHIC NAME | |
| Geographic name | United Kingdom |
| Chronological subdivision | |
| 710 ## - ADDED ENTRY--CORPORATE NAME | |
| Corporate name or jurisdiction name as entry element | United Kingdom |
| Subordinate unit | Her Majesty's Treasury |
| 856 40 - ELECTRONIC LOCATION AND ACCESS | |
| Host name | u |
| Processor of request | ttp://www.publications.parliament.uk/pa/pabills/200607/planning_gain_supplement_preparations.htm |
| Public note | View the Bill free of charge at www.publications.parliament.uk... |
| 942 ## - ADDED ENTRY ELEMENTS (KOHA) | |
| Suppress in OPAC | 0 |
| Withdrawn status | Lost status | Source of classification or shelving scheme | Damaged status | Not for loan | Home library | Current library | Shelving location | Date acquired | Total Checkouts | Full call number | Barcode | Date last seen | Copy number | Price effective from | Koha item type |
|---|---|---|---|---|---|---|---|---|---|---|---|---|---|---|---|
| Dewey Decimal Classification | Virtual | Virtual | Online | 21/12/2006 | ONLINE PUBLICATION | 135984-1001 | 06/08/2019 | 1 | 06/08/2019 | Book |